[Event "IECC M email"]
[Site "IECC email"]
[Date "1999.03.06"]
[Round "?"]
[White "Pestka, Maciej"]
[Black "Wallace, Richard"]
[Result "1-0"]
[WhiteElo "1326"]
[BlackElo "1103"]
[PlyCount "45"]
[EventDate "1999.??.??"]
[EventType "tourn (corr)"]
[EventRounds "6"]
[SourceTitle "Corr 2008"]
[Source "ChessBase"]
[SourceDate "2008.06.24"]
[SourceVersion "1"]
[SourceVersionDate "2008.06.24"]
[SourceQuality "1"]

1. b4 e5 2. Bb2 Bxb4 3. Bxe5 Nf6 4. e3 0-0 5. Nf3 d5 6. a3 Ba5 7. Bd3 Nc6 8. Bb2 Bg4 9. h3 Bh5 10. g4 Bg6 11. Qe2 d4 12. Bxg6 Qd6 13. Bf5 dxe3 14. fxe3 Rae8 15. Nc3 Bb6 16. Kf2 Rd8 17. Kg2 Rfe8 18. Qd3 g6 19. Qxd6 cxd6 20. Bd3 d5 21. Na4 Bc7 22. Bxf6 Rd6 23. g5 1-0